Kỹ năng giao tiếp trong kinh doanh

Uloženo v:
Podrobná bibliografie
Médium: Kniha
Jazyk:Vietnamese
Vydáno: Lao động - Xã hội 2012
Tagy: Přidat tag
Žádné tagy, Buďte první, kdo otaguje tento záznam!
Thư viện lưu trữ: Mạng thư viện Đại học Đà Nẵng
LEADER 00623nam a2200241 4500
001 000021051
003 17498
005 20150402150425.0
008 150402s2012 viesd
020 |c 88500 
041 0 |a vie 
082 1 4 |a 302  |b Ky-N 
245 1 0 |a Kỹ năng giao tiếp trong kinh doanh  |c Trịnh Quốc Trung (Chủ biên), .. 
260 |b Lao động - Xã hội  |c 2012 
300 |a tr.  |c cm. 
OWN |a LSP 
999 |a From the UDN01 
TYP |a Monograph 
TYP |a Printed language 
980 |a Mạng thư viện Đại học Đà Nẵng